000
00318nam a22001337a 4500
008
181019b xxu||||| |||| 00| 0 eng d
020
_a
9780826498731
041
_a
eng
080
_a
101
100
_a
24
101
_a
FIL
245
_a
Doing Philosophy a practical guide for students
_c
Saunders,c
942
_2
udc
_c
BK
999
_c
50280
_d
50280